Managerial marketing : (Record no. 76032)
[ view plain ]
| 000 -LEADER | |
|---|---|
| fixed length control field | 00835nam a2200265 a 4500 |
| 001 - CONTROL NUMBER | |
| control field | 76032 |
| 003 - CONTROL NUMBER IDENTIFIER | |
| rucl marc code | BD-RjUL |
| 005 - DATE AND TIME OF LATEST TRANSACTION | |
| control field | 20211209082759.0 |
| 008 - FIXED-LENGTH DATA ELEMENTS--GENERAL INFORMATION | |
| fixed length control field | 191015r19641962ilua 000 0 eng |
| 035 ## - SYSTEM CONTROL NUMBER | |
| System control number | (BD-RjUL)76251 |
| 040 ## - CATALOGING SOURCE | |
| Original cataloging agency | DLC |
| Transcribing agency | DLC |
| Modifying agency | DLC |
| -- | BD-RjUL |
| Language of cataloging | eng |
| 041 ## - LANGUAGE CODE | |
| Language code of text/sound track or separate title | eng |
| 082 00 - DEWEY DECIMAL CLASSIFICATION NUMBER | |
| Edition number | 23 |
| Classification number | 658.8 |
| Author mark and year | LAM 1964 |
| 100 1# - MAIN ENTRY--PERSONAL NAME | |
| Personal name | Lazer, William, |
| 9 (RLIN) | 48194 |
| 245 10 - TITLE STATEMENT | |
| Title | Managerial marketing : |
| Remainder of title | perspectives and viewpoints a source book / |
| Statement of responsibility, etc. | [by] William Lazer [and] Eugene J. Kelley. |
| 250 ## - EDITION STATEMENT | |
| Edition statement | Rev. ed. |
| 260 ## - PUBLICATION, DISTRIBUTION, ETC. (IMPRINT) | |
| Place of publication, distribution, etc. | Homewood, Ill.: |
| Name of publisher, distributor, etc. | R. D. Irwin, |
| Date of publication, distribution, etc. | 1962. |
| 300 ## - PHYSICAL DESCRIPTION | |
| Pagination | 717 p.: |
| Illustrations | illus. |
| Size | 24 cm. |
| 500 ## - GENERAL NOTE | |
| General note | Authors' names in reverse order in earlier edition. |
| 650 #0 - SUBJECT ADDED ENTRY--TOPICAL TERM | |
| Topical term or geographic name as entry element | Marketing |
| General subdivision | Management. |
| 9 (RLIN) | 233702 |
| 700 1# - ADDED ENTRY--PERSONAL NAME | |
| Personal name | Kelley, Eugene J. |
| 942 ## - ADDED ENTRY ELEMENTS (KOHA) | |
| Source of classification or shelving scheme | Dewey Decimal Classification |
| Koha item type | Books |
| Lost status | Source of classification or shelving scheme | Damaged status | Not for loan | Collection code | Permanent Location | Current Location | Shelving location | Date acquired | Source of acquisition | Cost, normal purchase price | Total Checkouts | Full call number | Date last seen | Copy number | Koha item type |
|---|---|---|---|---|---|---|---|---|---|---|---|---|---|---|---|
| Dewey Decimal Classification | Non-fiction | Central Library, University of Rajshahi | Central Library, University of Rajshahi | 26/10/1965 | Zeitlinger | 64.00 | 658.8 LAM 1964 | 15/10/2019 | C-2 | Books | |||||
| Dewey Decimal Classification | Non-fiction | Central Library, University of Rajshahi | Central Library, University of Rajshahi | 11/03/1974 | Canada Govt. | 658.8 LAM 1964 | 15/10/2019 | C-3 | Books | ||||||
| Dewey Decimal Classification | Not For Loan | Non-fiction | Central Library, University of Rajshahi | Central Library, University of Rajshahi | Reading Room | 26/10/1965 | Zeitlinger | 64.00 | 658.8 LAM 1964 | 15/10/2019 | C-1 | Books |